000 00288nam a22001337a 4500
008 171019b xxu||||| |||| 00| 0 eng d
020 _a9780787909130
041 _aeng
080 _a338
100 _a54
101 _aMEN
245 _aEVALUTION WITH POWER
_cJAMES.D
942 _2udc
_cBK
999 _c34995
_d34995